书目信息 |
| 题名: |
《论语》新译
|
|
| 作者: | 金池 主编 | |
| 分册: | ||
| 出版信息: | 北京 人民日报出版社 2005 |
|
| 页数: | 599页 | |
| 开本: | 21cm | |
| 丛书名: | ||
| 单 册: | ||
| 中图分类: | B222.24 , B222.2 | |
| 科图分类: | ||
| 主题词: | 儒家 , 先秦哲学 | |
| 电子资源: | ||
| ISBN: | 7-80208-293-5 | |
| 000 | 00697nam0 2200265 450 | |
| 001 | 1140259177 | |
| 005 | 20110929111316.32 | |
| 010 | @a7-80208-293-5@dCNY38.00 | |
| 100 | @a20060116d2005 em y0chiy50 ea | |
| 101 | 0 | @achi |
| 102 | @aCN@b110000 | |
| 105 | @aa z 000yy | |
| 106 | @ar | |
| 200 | 1 | @a《论语》新译@f金池主编@A《 lun yu 》 xin yi |
| 210 | @a北京@c人民日报出版社@d2005 | |
| 215 | @a599页@c图@d21cm | |
| 605 | @a论语 | |
| 605 | @a论语@x译文 | |
| 606 | 0 | @a儒家 |
| 606 | 0 | @a先秦哲学 |
| 690 | @aB222.24@v4 | |
| 690 | @aB222.2@v4 | |
| 701 | 0 | @a金池@4主编@Ajin chi |
| 801 | 0 | @aCN@b大连网信软件有限公司图书馆·11@c20110929 |
| 905 | @a10447@dB222.2@eJY122 | |
| 《论语》新译/金池主编.-北京:人民日报出版社,2005 |
| 599页:图;21cm |
| ISBN 7-80208-293-5:CNY38.00 |
| ● |
| 相关链接 |
|
|
|
|
正题名:《论语》新译
索取号:B222.2/JY122
 
预约/预借
| 序号 | 登录号 | 条形码 | 馆藏地/架位号 | 状态 | 备注 |
| 1 | 7824612 | 278246122 | 学院路分馆/ [索取号:B222.2/JY122] | 在馆 | |
| 2 | 7824613 | 278246131 | 学院路分馆/ [索取号:B222.2/JY122] | 在馆 |